000 00438pab a2200157 454500
008 180718b2013 xxu||||| |||| 00| 0 eng d
100 _aSrivastav, Avinash Kumar
245 _aRole stress profiling: Application in a public sector industry
260 _c2013
300 _ap.48-54.
362 _aJan-Mar
650 _aOrganizational disease
773 _aIndian Journal of Training and Development
908 _aN
909 _a101268
999 _c101267
_d101267